Home Print Resources E-Books E-Journals IIMT Lecture Series Library Membership Form Book Recommendation Form Campus Tour Take AdmissionAbout Us Contact Us

ORGANIZATIONAL BEHAVIOUR (Record no. 67092)

000 -LEADER
fixed length control field 00311nam a22001337a 4500
008 - FIXED-LENGTH DATA ELEMENTS--GENERAL INFORMATION
fixed length control field 260225b |||||||| |||| 00| 0 eng d
040 ## - CATALOGING SOURCE
Original cataloging agency IIMT University College of Law
100 ## - MAIN ENTRY--PERSONAL NAME
Personal name ROBBINS, STEPHAN.P
245 ## - TITLE STATEMENT
Title ORGANIZATIONAL BEHAVIOUR
260 ## - PUBLICATION, DISTRIBUTION, ETC. (IMPRINT)
Place of publication, distribution, etc PEARSON PUB
300 ## - PHYSICAL DESCRIPTION
Pages 796
650 ## - Subject
Subject ORGANIZATIONAL BEHAVIOUR
942 ## - ADDED ENTRY ELEMENTS (KOHA)
Koha item type Book Bank
952 ## - LOCATION AND ITEM INFORMATION (KOHA)
-- 2026-02-25
952 ## - LOCATION AND ITEM INFORMATION (KOHA)
-- 2026-02-25
952 ## - LOCATION AND ITEM INFORMATION (KOHA)
-- 2026-02-25
952 ## - LOCATION AND ITEM INFORMATION (KOHA)
-- 2026-02-25
952 ## - LOCATION AND ITEM INFORMATION (KOHA)
-- 2026-02-25
952 ## - LOCATION AND ITEM INFORMATION (KOHA)
-- 2026-02-25
952 ## - LOCATION AND ITEM INFORMATION (KOHA)
-- 2026-02-25
952 ## - LOCATION AND ITEM INFORMATION (KOHA)
-- 2026-02-25
952 ## - LOCATION AND ITEM INFORMATION (KOHA)
-- 2026-02-25
952 ## - LOCATION AND ITEM INFORMATION (KOHA)
-- 2026-02-25
952 ## - LOCATION AND ITEM INFORMATION (KOHA)
-- 2026-02-25
952 ## - LOCATION AND ITEM INFORMATION (KOHA)
-- 2026-02-25
952 ## - LOCATION AND ITEM INFORMATION (KOHA)
-- 2026-02-25
952 ## - LOCATION AND ITEM INFORMATION (KOHA)
-- 2026-02-25
952 ## - LOCATION AND ITEM INFORMATION (KOHA)
-- 2026-02-25
952 ## - LOCATION AND ITEM INFORMATION (KOHA)
-- 2026-02-25
952 ## - LOCATION AND ITEM INFORMATION (KOHA)
-- 2026-02-25
952 ## - LOCATION AND ITEM INFORMATION (KOHA)
-- 2026-02-25
952 ## - LOCATION AND ITEM INFORMATION (KOHA)
-- 2026-02-25
952 ## - LOCATION AND ITEM INFORMATION (KOHA)
-- 2026-02-25
952 ## - LOCATION AND ITEM INFORMATION (KOHA)
-- 2026-02-25
952 ## - LOCATION AND ITEM INFORMATION (KOHA)
-- 2026-02-25
952 ## - LOCATION AND ITEM INFORMATION (KOHA)
-- 2026-02-25
952 ## - LOCATION AND ITEM INFORMATION (KOHA)
-- 2026-02-25
952 ## - LOCATION AND ITEM INFORMATION (KOHA)
-- 2026-02-25
952 ## - LOCATION AND ITEM INFORMATION (KOHA)
-- 2026-02-25
952 ## - LOCATION AND ITEM INFORMATION (KOHA)
-- 2026-02-25
952 ## - LOCATION AND ITEM INFORMATION (KOHA)
-- 2026-02-25
952 ## - LOCATION AND ITEM INFORMATION (KOHA)
-- 2026-02-25
952 ## - LOCATION AND ITEM INFORMATION (KOHA)
-- 2026-02-25
952 ## - LOCATION AND ITEM INFORMATION (KOHA)
-- 2026-02-25
952 ## - LOCATION AND ITEM INFORMATION (KOHA)
-- 2026-02-25
952 ## - LOCATION AND ITEM INFORMATION (KOHA)
-- 2026-02-25
952 ## - LOCATION AND ITEM INFORMATION (KOHA)
-- 2026-02-25
952 ## - LOCATION AND ITEM INFORMATION (KOHA)
-- 2026-02-25
Holdings
Withdrawn status Lost status Source of classification or shelving scheme Damaged status Not for loan Location (home branch) Sublocation or collection (holding branch) Date acquired Source of Acquisition Cost Normal purchase price Koha issues (times borrowed) Accession No. Koha date last seen Koha item type
          IIMT University College of Law IIMT University College of Law 02/25/2026 R LALL BOOK 1180.00   04-B-13308 02/25/2026 Book Bank
          IIMT University College of Law IIMT University College of Law 02/25/2026 R LALL BOOK 1180.00   04-B-13309 02/25/2026 Book Bank
          IIMT University College of Law IIMT University College of Law 02/25/2026 R LALL BOOK 1180.00   04-B-13310 02/25/2026 Book Bank
          IIMT University College of Law IIMT University College of Law 02/25/2026 R LALL BOOK 1180.00   04-B-13311 02/25/2026 Book Bank
          IIMT University College of Law IIMT University College of Law 02/25/2026 R LALL BOOK 1180.00   04-B-13312 02/25/2026 Book Bank
          IIMT University College of Law IIMT University College of Law 02/25/2026 R LALL BOOK 1180.00   04-B-13313 02/25/2026 Book Bank
          IIMT University College of Law IIMT University College of Law 02/25/2026 R LALL BOOK 1180.00   04-B-13314 02/25/2026 Book Bank
          IIMT University College of Law IIMT University College of Law 02/25/2026 R LALL BOOK 1180.00   04-B-13315 02/25/2026 Book Bank
          IIMT University College of Law IIMT University College of Law 02/25/2026 R LALL BOOK 1180.00   04-B-13316 02/25/2026 Book Bank
          IIMT University College of Law IIMT University College of Law 02/25/2026 R LALL BOOK 1180.00   04-B-13317 02/25/2026 Book Bank
          IIMT University College of Law IIMT University College of Law 02/25/2026 R LALL BOOK 1180.00   04-B-13318 02/25/2026 Book Bank
          IIMT University College of Law IIMT University College of Law 02/25/2026 R LALL BOOK 1180.00   04-B-13319 02/25/2026 Book Bank
          IIMT University College of Law IIMT University College of Law 02/25/2026 R LALL BOOK 1180.00   04-B-13320 02/25/2026 Book Bank
          IIMT University College of Law IIMT University College of Law 02/25/2026 R LALL BOOK 1180.00   04-B-13321 02/25/2026 Book Bank
          IIMT University College of Law IIMT University College of Law 02/25/2026 R LALL BOOK 1180.00   04-B-13322 02/25/2026 Book Bank
          IIMT University College of Law IIMT University College of Law 02/25/2026 R LALL BOOK 1180.00   04-B-13323 02/25/2026 Book Bank
          IIMT University College of Law IIMT University College of Law 02/25/2026 R LALL BOOK 1180.00   04-B-13324 02/25/2026 Book Bank
          IIMT University College of Law IIMT University College of Law 02/25/2026 R LALL BOOK 1180.00   04-B-13325 02/25/2026 Book Bank
          IIMT University College of Law IIMT University College of Law 02/25/2026 R LALL BOOK 1180.00   04-B-13326 02/25/2026 Book Bank
          IIMT University College of Law IIMT University College of Law 02/25/2026 R LALL BOOK 1180.00   04-B-13327 02/25/2026 Book Bank
          IIMT University College of Law IIMT University College of Law 02/25/2026 R LALL BOOK 1180.00   04-B-13328 02/25/2026 Book Bank
          IIMT University College of Law IIMT University College of Law 02/25/2026 R LALL BOOK 1180.00   04-B-13329 02/25/2026 Book Bank
          IIMT University College of Law IIMT University College of Law 02/25/2026 R LALL BOOK 1180.00   04-B-13330 02/25/2026 Book Bank
          IIMT University College of Law IIMT University College of Law 02/25/2026 R LALL BOOK 1180.00   04-B-13331 02/25/2026 Book Bank
          IIMT University College of Law IIMT University College of Law 02/25/2026 R LALL BOOK 1180.00   04-B-13332 02/25/2026 Book Bank
          IIMT University College of Law IIMT University College of Law 02/25/2026 R LALL BOOK 1180.00   04-B-13333 02/25/2026 Book Bank
          IIMT University College of Law IIMT University College of Law 02/25/2026 R LALL BOOK 1180.00   04-B-13334 02/25/2026 Book Bank
          IIMT University College of Law IIMT University College of Law 02/25/2026 R LALL BOOK 1180.00   04-B-13335 02/25/2026 Book Bank
          IIMT University College of Law IIMT University College of Law 02/25/2026 R LALL BOOK 1180.00   04-B-13336 02/25/2026 Book Bank
          IIMT University College of Law IIMT University College of Law 02/25/2026 R LALL BOOK 1180.00   04-B-13337 02/25/2026 Book Bank
          IIMT University College of Law IIMT University College of Law 02/25/2026 R LALL BOOK 1180.00   04-B-13338 02/25/2026 Book Bank
          IIMT University College of Law IIMT University College of Law 02/25/2026 R LALL BOOK 1180.00   04-B-13339 02/25/2026 Book Bank
          IIMT University College of Law IIMT University College of Law 02/25/2026 R LALL BOOK 1180.00   04-B-13340 02/25/2026 Book Bank
          IIMT University College of Law IIMT University College of Law 02/25/2026 R LALL BOOK 1180.00   04-B-13341 02/25/2026 Book Bank
          IIMT University College of Law IIMT University College of Law 02/25/2026 R LALL BOOK 1180.00   04-B-13342 02/25/2026 Book Bank
IIMT, Central Library. All Rights Reserved IIMT,UNIVERSITY © 2023
Implemented and Customised by I CLOUDE EMS
You Are OPAC Visitor No
free web counter

Powered by Koha